000 00769nas a2200253 i 4500
001 6226
003 ES-MaACL
005 20250414181027.0
007 t|
008 890830s1987 sp | l|01 0||pa d
020 _a84-7812-026-2
080 _a311.314(464.1)"1988"
080 _a352(464.1)"1988":31
245 0 0 _aAnuario estadístico 1988.
260 _aMadrid :
_bAyuntamiento,
_cD.L. 1987.
300 _a1 v. + 1 carpeta ([2] h. pleg., [2] h. de map.) ;
_c31, 30 cm.
651 4 _aMadrid-
_xEstadísticas.
_9146823
655 7 _2tgfbne
_9226822
_aAnuarios
710 1 _aMadrid.
_bAyuntamiento
_9234069
852 _aES-MaACL
_jL-13336-37
_cDEPO2
_xEncuadernación en tela
942 _2udc
_cPERIODICA
999 _c6226
_d6226